[Event "Mecklenburg VP-ch MT"]
[Site "Nakenstorf"]
[Date "1999.03.31"]
[Round "2.10"]
[White "Dittrich, Carsten"]
[Black "Woller, Roland"]
[Result "0-1"]
[WhiteElo "1902"]
[BlackElo "2109"]
[PlyCount "46"]
[EventDate "1999.03.31"]
[EventType "tourn"]
[EventCountry "GER"]
[SourceTitle "EXT 2022"]
[Source "ChessBase"]
[SourceDate "2021.10.06"]
[SourceVersion "1"]
[SourceVersionDate "2021.10.06"]
[SourceQuality "1"]

1. d4 d5 2. Nc3 Nf6 3. Bg5 Bf5 4. f3 Nbd7 5. Qd2 e6 6. e3 Be7 7. g4 Bg6 8. Bd3 Bxd3 9. Qxd3 0-0 10. h4 c5 11. Nge2 a6 12. Kf2 b5 13. Ng3 cxd4 14. exd4 Re8 15. Rae1 Qc7 16. Re2 Rac8 17. Bc1 Bd6 18. Rg1 b4 19. Nd1 e5 20. g5 e4 21. Qd2 Bxg3+ 22. Rxg3 exf3 23. gxf6 Rxe2+ 0-1